00278 a2200121 4500001000700000020002200007040001100029100003000040240003700070245003200107300000800139362000900147191829 a978-85-254-0686-6 cMagnum aDias, Antonio Gonçalves10aI-juca-pirama e os timbiraslpor10aI-juca-pirama e os timbiras a1120 a2016